000
00302nam a22001217a 4500
008
180730b xxu||||| |||| 00| 0 eng d
082
_a
813.52
245
_a
Real World Community Health Nursing an Interactive CD-ROM
_c
Hale,P.J
260
_c
2005
300
_a
1
_f
CD
760
_b
2nd
942
_2
ddc
_c
MX
999
_c
46671
_d
46671